[Event "Madrid San Viator op-B 28th"]
[Site "Madrid"]
[Date "2017.04.02"]
[Round "2"]
[White "Rodriguez Coarasa, Carlos"]
[Black "Cantalejo Fronton, Eduardo"]
[Result "1-0"]
[WhiteElo "1706"]
[BlackElo "1414"]
[PlyCount "77"]
[EventDate "2017.03.26"]
[EventType "swiss"]
[EventRounds "9"]
[EventCountry "ESP"]
[SourceTitle "EXT 2019"]
[Source "ChessBase"]
[SourceDate "2018.10.10"]
[SourceVersion "1"]
[SourceVersionDate "2018.10.10"]
[SourceQuality "1"]

1. e4 c5 2. Nf3 d6 3. d4 cxd4 4. Nxd4 Nf6 5. Nc3 Nc6 6. Be3 g6 7. Be2 Bg7 8. Qd2 0-0 9. 0-0 a6 10. Rad1 Nxd4 11. Bxd4 Be6 12. Qe3 Rc8 13. e5 Nd5 14. Nxd5 Bxd5 15. exd6 e6 16. Bxg7 Kxg7 17. Qd4+ Qf6 18. c4 Qxd4 19. Rxd4 Bc6 20. b4 Rfd8 21. c5 Bd5 22. a3 b6 23. Rc1 Rxd6 24. Bxa6 bxc5 25. Rxd5 Rxa6 26. Rdxc5 Rxc5 27. bxc5 Rxa3 28. Kf1 Ra8 29. Ke2 Kf6 30. Kd3 Ke7 31. Kc4 Kd7 32. Rd1+ Kc6 33. Rd6+ Kc7 34. Rd2 Ra6 35. Kb5 Rc6 36. Ra2 Kb7 37. Ra7+ Kxa7 38. Kxc6 Kb8 39. Kd7 1-0